[Event "Joao Pessoa de Assis Memorial 3rd"]
[Site "Joao Pessoa"]
[Date "2023.10.22"]
[Round "5"]
[White "Baltar, Petrov Ferreira"]
[Black "De Oliveira, Jefferson Pereira"]
[Result "1-0"]
[WhiteElo "1704"]
[BlackElo "1891"]
[PlyCount "61"]
[EventDate "2023.10.20"]
[EventType "swiss"]
[EventRounds "6"]
[EventCountry "BRA"]
[SourceTitle "Mega2024 Update 01"]
[Source "Chessbase"]
[SourceDate "2023.11.12"]
[SourceVersion "1"]
[SourceVersionDate "2023.11.12"]
[SourceQuality "1"]

1. e4 c5 2. Nf3 d6 3. d4 cxd4 4. Nxd4 Nf6 5. Nc3 a6 6. Be2 e6 7. 0-0 Be7 8. f4 Qc7 9. a4 0-0 10. Kh1 Nbd7 11. Nb3 b6 12. Be3 Bb7 13. Bf3 Rfd8 14. Qd2 Nc5 15. Nxc5 dxc5 16. Qf2 e5 17. g3 Bc6 18. fxe5 Qxe5 19. Bf4 Qe6 20. Rfe1 Rd7 21. Qg2 Ng4 22. Nd5 Ne5 23. Bxe5 Qxe5 24. Nxb6 Re8 25. Nxd7 Bxd7 26. c3 Be6 27. Qe2 Bc8 28. Rad1 Bb7 29. Rd7 Bc6 30. Ra7 Bxa4 31. Qxa6 1-0

[Event "Joao Pessoa de Assis Memorial 3rd"]
[Site "Joao Pessoa"]
[Date "2023.10.20"]
[Round "2"]
[White "Magalhaes, Gleidson Castelo Br"]
[Black "De Oliveira, Jefferson Pereira"]
[Result "0-1"]
[WhiteElo "1800"]
[BlackElo "1891"]
[PlyCount "70"]
[EventDate "2023.10.20"]
[EventType "swiss"]
[EventRounds "6"]
[EventCountry "BRA"]
[SourceTitle "Mega2024 Update 01"]
[Source "Chessbase"]
[SourceDate "2023.11.12"]
[SourceVersion "1"]
[SourceVersionDate "2023.11.12"]
[SourceQuality "1"]

1. e4 c5 2. Nf3 d6 3. Bc4 e6 4. Nc3 Nc6 5. d3 Nf6 6. 0-0 Be7 7. a3 0-0 8. h3 d5 9. Ba2 d4 10. Ne2 e5 11. Ng3 Ne8 12. Bd5 Qd6 13. Bg5 Nc7 14. Ba2 Be6 15. Bxe7 Nxe7 16. Nh2 Bxa2 17. Rxa2 f5 18. exf5 Nxf5 19. Ne4 Qc6 20. Ng4 Rae8 21. Ra1 Nd5 22. g3 c4 23. Qd2 c3 24. bxc3 dxc3 25. Qd1 Nd4 26. Nh2 Nf6 27. Re1 Nxe4 28. Rxe4 Qf6 29. f4 exf4 30. Rxf4 Qb6 31. Rxf8+ Rxf8 32. Kg2 Qf6 33. Ng4 Qc6+ 34. Kg1 Nf3+ 35. Kh1 Nh4+ 0-1

[Event "Joao Pessoa de Assis Memorial 2nd"]
[Site "Joao Pessoa"]
[Date "2022.10.23"]
[Round "5"]
[White "De Oliveira, Jefferson Pereira"]
[Black "De Lima, Enzo Magalhaes"]
[Result "1/2-1/2"]
[WhiteElo "1857"]
[BlackElo "1894"]
[PlyCount "49"]
[EventDate "2022.10.21"]
[EventType "swiss"]
[EventRounds "6"]
[EventCountry "BRA"]
[SourceTitle "CBM 210 Extra"]
[Source "ChessBase"]
[SourceDate "2022.11.30"]
[SourceVersion "1"]
[SourceVersionDate "2022.11.30"]
[SourceQuality "1"]

1. d4 Nf6 2. Nf3 d5 3. c4 c6 4. Nc3 e6 5. Bg5 Nbd7 6. e3 Be7 7. Bd3 0-0 8. 0-0 dxc4 9. Bxc4 b5 10. Be2 a6 11. Rc1 Bb7 12. a3 c5 13. dxc5 Nxc5 14. Nd4 Qb6 15. Bf3 Bxf3 16. Qxf3 Rac8 17. Rfd1 h6 18. Bh4 Rfd8 19. Na2 Na4 20. Qe2 Nd5 21. Bxe7 Nxe7 22. b3 Nc5 23. Qb2 Nd5 24. Nc3 Nxc3 25. Qxc3 1/2-1/2

[Event "Joao Pessoa Fischer Memorial 11th"]
[Site "Joao Pessoa"]
[Date "2022.05.06"]
[Round "1"]
[White "De Oliveira, Jefferson Pereira"]
[Black "Danda, Bruno"]
[Result "1-0"]
[WhiteElo "1859"]
[BlackElo "1420"]
[PlyCount "71"]
[EventDate "2022.05.06"]
[EventType "swiss"]
[EventRounds "6"]
[EventCountry "BRA"]
[SourceTitle "EXT 2023"]
[Source "ChessBase"]
[SourceDate "2022.10.05"]
[SourceVersion "1"]
[SourceVersionDate "2022.10.05"]
[SourceQuality "1"]

1. d4 Nf6 2. Nf3 g6 3. g3 Bg7 4. Bg2 0-0 5. 0-0 d6 6. c4 Nc6 7. Nc3 a6 8. Re1 Rb8 9. e4 b5 10. cxb5 axb5 11. h3 b4 12. Ne2 Nxe4 13. Qc2 Bb7 14. d5 Na5 15. Qxe4 c6 16. dxc6 Bxc6 17. Qh4 Bf6 18. Bg5 Re8 19. Ned4 Bd7 20. Rad1 Kg7 21. Qh6+ Kg8 22. Re4 Bg7 23. Qh4 f6 24. Bh6 e5 25. Nc2 Nc6 26. Bxg7 Kxg7 27. Nxb4 Ne7 28. Ree1 d5 29. Nxe5 Nf5 30. Qf4 g5 31. Qd2 fxe5 32. Nxd5 Nd4 33. Rxe5 Nf3+ 34. Bxf3 Rxe5 35. Qd4 Qe8 36. Re1 1-0

[Event "Joao Pessoa de Assis Memorial 1st"]
[Site "Joao Pessoa"]
[Date "2019.11.17"]
[Round "6"]
[White "Oliveira, Ornan Filipe de Ara"]
[Black "De Oliveira, Jefferson Pereira"]
[Result "1-0"]
[WhiteElo "1739"]
[BlackElo "1869"]
[PlyCount "95"]
[EventDate "2019.11.15"]
[EventType "swiss"]
[EventRounds "6"]
[EventCountry "BRA"]
[SourceTitle "CBM 193 Extra"]
[Source "ChessBase"]
[SourceDate "2020.01.31"]
[SourceVersion "1"]
[SourceVersionDate "2020.01.31"]
[SourceQuality "1"]

1. e4 c5 2. Nf3 d6 3. d4 cxd4 4. Nxd4 Nf6 5. Nc3 a6 6. Bg5 Nbd7 7. f4 Qc7 8. Qf3 b5 9. Bd3 Bb7 10. a3 g6 11. Nb3 Bg7 12. 0-0 0-0 13. Qe2 Nb6 14. Rab1 e6 15. Kh1 d5 16. e5 Ne8 17. Nd4 Nc4 18. Bxc4 dxc4 19. Rbd1 Rc8 20. Ne4 Bd5 21. c3 Rb8 22. Nd2 Rc8 23. Rf2 Qb7 24. Nf1 Qc7 25. Ne3 Ba8 26. Ng4 h5 27. Nf6+ Bxf6 28. Bxf6 Qb7 29. Qe3 Qe4 30. Qxe4 Bxe4 31. Be7 Nc7 32. Bxf8 Kxf8 33. Kg1 Ke7 34. Nc2 Nd5 35. Nb4 a5 36. Nxd5+ exd5 37. Rfd2 Ke6 38. Kf2 b4 39. axb4 axb4 40. Ra1 bxc3 41. bxc3 Rc6 42. Ke3 f6 43. Kd4 Kf5 44. g3 Kg4 45. Rda2 fxe5+ 46. fxe5 Kh3 47. Re1 Bf5 48. Kxd5 1-0

[Event "Joao Pessoa de Assis Memorial 1st"]
[Site "Joao Pessoa"]
[Date "2019.11.15"]
[Round "2"]
[White "De Oliveira, Jefferson Pereira"]
[Black "Cavalcanti, Francisco de Assis"]
[Result "0-1"]
[WhiteElo "1869"]
[BlackElo "2297"]
[PlyCount "64"]
[EventDate "2019.11.15"]
[EventType "swiss"]
[EventRounds "6"]
[EventCountry "BRA"]
[SourceTitle "CBM 193 Extra"]
[Source "ChessBase"]
[SourceDate "2020.01.31"]
[SourceVersion "1"]
[SourceVersionDate "2020.01.31"]
[SourceQuality "1"]

1. d4 Nf6 2. Nf3 d6 3. c4 g6 4. Nc3 Bg7 5. e4 0-0 6. h3 e5 7. d5 c6 8. Be2 Na6 9. 0-0 Nc5 10. Qc2 cxd5 11. cxd5 a5 12. Be3 Nh5 13. Nd2 Nf4 14. Nc4 Qg5 15. Bxf4 exf4 16. Kh2 f3 17. Bxf3 Qf4+ 18. Kg1 Bxh3 19. Ne2 Qf6 20. Nxd6 Bxg2 21. Bxg2 Qxd6 22. Rac1 b6 23. f4 f6 24. Nd4 Bh6 25. Qf2 Nd3 26. Qh4 Nxc1 27. Rxc1 Qxf4 28. Qxf4 Bxf4 29. Re1 Be5 30. Ne6 Rfc8 31. Re2 Rc1+ 32. Kf2 Rac8 0-1

[Event "Joao Pessoa U2100 3rd"]
[Site "Joao Pessoa"]
[Date "2019.07.17"]
[Round "4.6"]
[White "Espinola, Jose Mario"]
[Black "De Oliveira, Jefferson Pereira"]
[Result "0-1"]
[WhiteElo "1584"]
[BlackElo "1881"]
[PlyCount "72"]
[EventDate "2019.07.14"]
[EventType "tourn"]
[EventRounds "11"]
[EventCountry "BRA"]
[SourceTitle "EXT 2022"]
[Source "ChessBase"]
[SourceDate "2021.10.06"]
[SourceVersion "1"]
[SourceVersionDate "2021.10.06"]
[SourceQuality "1"]

1. d4 d5 2. c4 c6 3. c5 e5 4. e3 Bf5 5. Nf3 e4 6. Nfd2 Nh6 7. Be2 Qg5 8. g3 Bh3 9. Bf1 Bxf1 10. Nxf1 Nd7 11. Bd2 Qf5 12. h3 Be7 13. Nc3 0-0 14. Ne2 b6 15. b4 a5 16. a3 Ra6 17. cxb6 axb4 18. axb4 Rxb6 19. Ra4 Rfb8 20. Qc1 c5 21. Rh2 cxb4 22. Qb2 Qe6 23. Qb3 Qc6 24. Nc1 Qc4 25. Ra7 R6b7 26. Ra5 Bd6 27. Rxd5 Qc7 28. Rg2 Ra7 29. Nh2 Ra3 30. Qb2 Qc6 31. Rxd6 Qxd6 32. Kf1 Qa6+ 33. Kg1 Qa4 34. Nf1 Nf5 35. Kh2 Nd6 36. Qb1 b3 0-1

[Event "Joao Pessoa U2100 3rd"]
[Site "Joao Pessoa"]
[Date "2019.07.14"]
[Round "1.3"]
[White "De Oliveira, Jefferson Pereira"]
[Black "Galindo, Luciano Dutra"]
[Result "0-1"]
[WhiteElo "1881"]
[BlackElo "1727"]
[PlyCount "78"]
[EventDate "2019.07.14"]
[EventType "tourn"]
[EventRounds "11"]
[EventCountry "BRA"]
[SourceTitle "EXT 2022"]
[Source "ChessBase"]
[SourceDate "2021.10.06"]
[SourceVersion "1"]
[SourceVersionDate "2021.10.06"]
[SourceQuality "1"]

1. d4 d5 2. Nf3 Nf6 3. c4 e6 4. Nc3 Be7 5. Bf4 a6 6. e3 0-0 7. Bd3 dxc4 8. Bxc4 b5 9. Bd3 Bb7 10. 0-0 Nbd7 11. Rc1 c5 12. Qe2 c4 13. Bb1 Rc8 14. e4 Nh5 15. Be3 g6 16. e5 Ng7 17. Ne4 Nf5 18. a4 f6 19. Rfd1 Qe8 20. Qd2 Nxe3 21. Qxe3 fxe5 22. dxe5 Nc5 23. axb5 axb5 24. Nd6 Bxd6 25. exd6 Bxf3 26. gxf3 Qf7 27. b4 Nd7 28. Rc3 Qf6 29. Re1 Rfe8 30. Be4 Qe5 31. Qd2 Qf6 32. Ra3 Red8 33. Ra5 c3 34. Qd3 c2 35. Ra2 Rc3 36. Qd2 Rdc8 37. Rc1 Ne5 38. d7 Rd8 39. Qxc3 Qg5+ 0-1

[Event "Joao Pessoa Fischer Memorial 9th"]
[Site "Joao Pessoa"]
[Date "2018.03.18"]
[Round "5"]
[White "De Oliveira, Jefferson Pereira"]
[Black "Vital, Pablo Manoel Santan"]
[Result "0-1"]
[WhiteElo "1918"]
[BlackElo "1588"]
[PlyCount "54"]
[EventDate "2018.03.16"]
[EventType "swiss"]
[EventRounds "6"]
[EventCountry "BRA"]
[SourceTitle "CBM 183 Extra"]
[Source "ChessBase"]
[SourceDate "2018.04.19"]
[SourceVersion "1"]
[SourceVersionDate "2018.04.19"]
[SourceQuality "1"]

1. d4 Nf6 2. Nf3 d6 3. c4 g6 4. g3 Bg7 5. Bg2 0-0 6. 0-0 c6 7. Nc3 Re8 8. e4 Nbd7 9. Qc2 e5 10. d5 cxd5 11. cxd5 Nc5 12. b4 Na6 13. Qb3 Bd7 14. Bd2 Rc8 15. Rfc1 h5 16. h3 Nh7 17. Rab1 g5 18. Nh2 g4 19. h4 f5 20. Qd1 Rf8 21. f3 f4 22. Be1 gxf3 23. Bxf3 Bf6 24. Bxh5 fxg3 25. Ng4 Qb6+ 26. Kh1 Bg5 27. hxg5 Rf1+ 0-1

[Event "Joao Pessoa Fischer Memorial 9th"]
[Site "Joao Pessoa"]
[Date "2018.03.17"]
[Round "3"]
[White "De Oliveira, Jefferson Pereira"]
[Black "Silva, Caio Marques"]
[Result "0-1"]
[WhiteElo "1918"]
[BlackElo "1658"]
[PlyCount "48"]
[EventDate "2018.03.16"]
[EventType "swiss"]
[EventRounds "6"]
[EventCountry "BRA"]
[SourceTitle "CBM 183 Extra"]
[Source "ChessBase"]
[SourceDate "2018.04.19"]
[SourceVersion "1"]
[SourceVersionDate "2018.04.19"]
[SourceQuality "1"]

1. d4 d5 2. Nf3 Nf6 3. c4 c6 4. Nc3 dxc4 5. a4 Bf5 6. Ne5 Nbd7 7. Nxc4 e6 8. Bg5 h6 9. Bh4 Be7 10. e3 0-0 11. Bd3 Bxd3 12. Qxd3 c5 13. 0-0 cxd4 14. Qxd4 Nc5 15. Bxf6 Bxf6 16. Qxc5 Rc8 17. Qb5 a6 18. Qb3 Bxc3 19. bxc3 Qd5 20. Nd2 Qxd2 21. Qxb7 Qd3 22. Rac1 Rb8 23. Qc7 Rfc8 24. Qa5 Qc4 0-1

[Event "Paraiba-ch 25th"]
[Site "Joao Pessoa"]
[Date "2017.12.08"]
[Round "2"]
[White "Barbosa, Paulo Eduardo E Sil"]
[Black "De Oliveira, Jefferson Pereira"]
[Result "1/2-1/2"]
[WhiteElo "2237"]
[BlackElo "1925"]
[PlyCount "97"]
[EventDate "2017.12.08"]
[EventType "swiss"]
[EventRounds "5"]
[EventCountry "BRA"]
[SourceTitle "EXT 2019"]
[Source "ChessBase"]
[SourceDate "2018.10.10"]
[SourceVersion "1"]
[SourceVersionDate "2018.10.10"]
[SourceQuality "1"]

1. d4 Nf6 2. c4 e6 3. g3 Be7 4. Bg2 d5 5. Nf3 0-0 6. 0-0 Nbd7 7. Qc2 c6 8. Nbd2 Bd6 9. e4 dxe4 10. Nxe4 Nxe4 11. Qxe4 Qf6 12. Re1 a5 13. Ne5 a4 14. Bf4 Bb4 15. Re2 a3 16. b3 Rd8 17. Nf3 h6 18. Rd1 Nf8 19. g4 Ng6 20. Bc1 Nh4 21. Nxh4 Qxh4 22. h3 h5 23. Rd3 hxg4 24. hxg4 Qh7 25. Qxh7+ Kxh7 26. Bg5 f6 27. Be4+ Kg8 28. Be3 Kf7 29. g5 f5 30. Bg2 e5 31. d5 e4 32. Rd1 cxd5 33. cxd5 Ra5 34. Rc2 Ra8 35. Bf1 Bd6 36. Bb6 Rh8 37. Bc7 Ke7 38. Bb5 f4 39. Re1 Bf5 40. Rc4 Bxc7 41. Rxc7+ Kd6 42. Rxb7 f3 43. Rb6+ Kc5 44. Rc6+ Kxb5 45. Rec1 Rac8 46. R1c5+ Kb4 47. Rc4+ Kb5 48. R4c5+ Kb4 49. Rc4+ 1/2-1/2

[Event "Paraiban-ch op"]
[Site "Joao Pessoa"]
[Date "2017.01.12"]
[Round "1"]
[White "Barbosa, Paulo Eduardo E Sil"]
[Black "De Oliveira, Jefferson Pereira"]
[Result "1-0"]
[WhiteElo "2263"]
[BlackElo "1918"]
[PlyCount "113"]
[EventDate "2017.01.12"]
[EventType "swiss"]
[EventRounds "6"]
[EventCountry "BRA"]
[SourceTitle "CBM 176 Extra"]
[Source "ChessBase"]
[SourceDate "2017.03.02"]
[SourceVersion "1"]
[SourceVersionDate "2017.03.02"]
[SourceQuality "1"]

1. d4 Nf6 2. c4 e6 3. g3 d5 4. Bg2 c6 5. Nf3 Bd6 6. 0-0 0-0 7. Nc3 Nbd7 8. Nd2 Re8 9. e4 dxe4 10. Ndxe4 Nxe4 11. Nxe4 Bc7 12. Bg5 f6 13. Be3 Nf8 14. Qc2 e5 15. Rad1 exd4 16. Bxd4 Qe7 17. Rfe1 Qf7 18. b3 Bg4 19. f3 Bf5 20. Bf1 Ne6 21. Bb2 Nc5 22. b4 Nxe4 23. fxe4 Bg4 24. Be2 Bxe2 25. Rxe2 Rad8 26. Rxd8 Rxd8 27. e5 fxe5 28. Bxe5 Bxe5 29. Rxe5 Qf3 30. Re1 h6 31. a4 Qf8 32. c5 Rd5 33. Qg6 Rd8 34. Qe6+ Qf7 35. Kg2 Rd4 36. Qxf7+ Kxf7 37. Rf1+ Ke6 38. Re1+ Kf6 39. Rb1 Rd2+ 40. Kh3 Ra2 41. Rf1+ Ke6 42. Re1+ Kd5 43. Re7 Rxa4 44. Rxb7 a5 45. Rd7+ Kc4 46. bxa5 Rxa5 47. Rxg7 Rxc5 48. g4 Kd4 49. Rh7 Rc3+ 50. Kh4 c5 51. Rxh6 c4 52. g5 Rc2 53. Kg3 c3 54. g6 Ra2 55. g7 c2 56. g8Q Ra3+ 57. Kf2 1-0

[Event "Recife Arraes Memorial 9th"]
[Site "Recife"]
[Date "2016.10.22"]
[Round "3.15"]
[White "De Oliveira, Jefferson Pereira"]
[Black "Prisma, Zenil Da Costa"]
[Result "1-0"]
[WhiteElo "1910"]
[BlackElo "1739"]
[PlyCount "97"]
[EventDate "2016.10.21"]
[EventType "swiss"]
[EventRounds "6"]
[EventCountry "BRA"]
[SourceTitle "EXT 2022"]
[Source "ChessBase"]
[SourceDate "2021.10.06"]
[SourceVersion "1"]
[SourceVersionDate "2021.10.06"]
[SourceQuality "1"]

1. d4 Nf6 2. Nf3 e6 3. c4 d5 4. Nc3 Nbd7 5. Bg5 Be7 6. e3 a6 7. Rc1 dxc4 8. Bxc4 b5 9. Bd3 Bb7 10. 0-0 0-0 11. Qe2 Rc8 12. Rfd1 Nd5 13. Bxe7 Qxe7 14. a4 c6 15. Ne4 Nb4 16. Bb1 h6 17. Nc5 Nxc5 18. Rxc5 Rfd8 19. Rdc1 a5 20. axb5 cxb5 21. Rxc8 Rxc8 22. Rxc8+ Bxc8 23. Qxb5 Qd8 24. Ne5 g6 25. Qc5 Bb7 26. Nc4 Bd5 27. Nd6 Na6 28. Qc8 Qxc8 29. Nxc8 Kg7 30. f3 f5 31. Nd6 Nb4 32. Kf2 g5 33. e4 fxe4 34. fxe4 Ba8 35. Ke3 Kf6 36. Nc4 a4 37. Ne5 Nc6 38. Nd7+ Ke7 39. Nb6 Bb7 40. Nxa4 Ba6 41. Bd3 Bxd3 42. Kxd3 Kd6 43. e5+ Kc7 44. Nc5 Nd8 45. Kc4 Kc6 46. b4 g4 47. b5+ Kb6 48. Nd7+ Kb7 49. Nf6 1-0

[Event "Recife Arraes Memorial 9th"]
[Site "Recife"]
[Date "2016.10.21"]
[Round "2.2"]
[White "Brito, Luismar Jorge"]
[Black "De Oliveira, Jefferson Pereira"]
[Result "1-0"]
[WhiteElo "2225"]
[BlackElo "1910"]
[PlyCount "117"]
[EventDate "2016.10.21"]
[EventType "swiss"]
[EventRounds "6"]
[EventCountry "BRA"]
[SourceTitle "EXT 2022"]
[Source "ChessBase"]
[SourceDate "2021.10.06"]
[SourceVersion "1"]
[SourceVersionDate "2021.10.06"]
[SourceQuality "1"]

1. b3 Nf6 2. Bb2 d5 3. e3 Nbd7 4. f4 g6 5. Nf3 Bg7 6. Be2 0-0 7. 0-0 c5 8. Qe1 Ne4 9. Bxg7 Kxg7 10. d3 Nd6 11. g4 Kg8 12. c4 dxc4 13. bxc4 Nf6 14. Ne5 b6 15. Nc3 Bb7 16. Bf3 Qc7 17. Qh4 Rae8 18. Bxb7 Qxb7 19. Rf3 h5 20. e4 Kg7 21. g5 Nd7 22. Raf1 e6 23. a4 Nc8 24. Qf2 Ne7 25. Nb5 Rd8 26. Qb2 Kg8 27. Rh3 Nxe5 28. Qxe5 Nc6 29. Qf6 Qe7 30. Rb1 Qxf6 31. gxf6 Nd4 32. Kf2 Nc6 33. Rg1 Kh7 34. e5 Rd7 35. Nd6 Rfd8 36. Re3 Nd4 37. Rb1 Nc6 38. Rbe1 Nd4 39. Rh3 Nc6 40. Rg1 Nd4 41. Rgg3 Nc6 42. Ne4 Nb4 43. Ke2 Rd4 44. Ng5+ Kg8 45. Nxe6 Nxd3 46. Rxd3 fxe6 47. Rxd4 Rxd4 48. Rg3 Kf7 49. Rd3 Rxf4 50. Rd7+ Kf8 51. Ke3 Rxc4 52. Re7 g5 53. Rxe6 g4 54. Re7 h4 55. e6 Rc3+ 56. Ke4 Rf3 57. Ke5 Re3+ 58. Kf5 g3 59. Rxa7 1-0

[Event "Recife Arraes Memorial 9th"]
[Site "Recife"]
[Date "2016.10.21"]
[Round "1.21"]
[White "De Oliveira, Jefferson Pereira"]
[Black "Dos Santos, Bruna Roberta GA"]
[Result "1-0"]
[WhiteElo "1910"]
[BlackElo "1367"]
[PlyCount "49"]
[EventDate "2016.10.21"]
[EventType "swiss"]
[EventRounds "6"]
[EventCountry "BRA"]
[SourceTitle "EXT 2022"]
[Source "ChessBase"]
[SourceDate "2021.10.06"]
[SourceVersion "1"]
[SourceVersionDate "2021.10.06"]
[SourceQuality "1"]

1. d4 d5 2. c4 c6 3. Nc3 Nf6 4. Nf3 e6 5. Bg5 Be7 6. e3 0-0 7. Rc1 Nbd7 8. Qc2 b6 9. cxd5 exd5 10. Bd3 Re8 11. 0-0 Bb7 12. Qa4 a6 13. b4 c5 14. bxc5 bxc5 15. Rb1 Qc7 16. Rfc1 Bc6 17. Qc2 Qa7 18. dxc5 Bxc5 19. Na4 Bxa4 20. Qxa4 Ne4 21. Bxe4 dxe4 22. Nd4 Bxd4 23. exd4 f6 24. Bf4 Nb6 25. Qb3+ 1-0

[Event "Paraibano-ch sf"]
[Site "Joao Pessoa"]
[Date "2016.10.15"]
[Round "2.2"]
[White "Da Silva Tomaz, Luiz Antonio"]
[Black "De Oliveira, Jefferson Pereira"]
[Result "1-0"]
[WhiteElo "2065"]
[BlackElo "1910"]
[PlyCount "73"]
[EventDate "2016.10.14"]
[EventType "swiss"]
[EventRounds "5"]
[EventCountry "BRA"]
[SourceTitle "EXT 2022"]
[Source "ChessBase"]
[SourceDate "2021.10.06"]
[SourceVersion "1"]
[SourceVersionDate "2021.10.06"]
[SourceQuality "1"]

1. Nf3 Nf6 2. c4 c5 3. d4 cxd4 4. Nxd4 g6 5. Nc3 Bg7 6. e4 0-0 7. Be2 Nc6 8. Be3 d6 9. 0-0 Bd7 10. Rc1 Rc8 11. f3 Re8 12. Nxc6 Bxc6 13. b4 b6 14. Qb3 Qc7 15. Rfd1 Bd7 16. a4 Be6 17. Nd5 Qb7 18. Qa2 Kf8 19. a5 b5 20. cxb5 Nxd5 21. exd5 Rxc1 22. Bxc1 Bd7 23. b6 axb6 24. a6 Qc7 25. Be3 Qc3 26. Kf2 Qxb4 27. Rb1 Qh4+ 28. Kf1 Qxh2 29. Bxb6 Bf5 30. Rb4 Rc8 31. Rc4 Qh1+ 32. Kf2 Rxc4 33. Qxc4 Bf6 34. Bf1 Bh4+ 35. Ke2 Qh2 36. Bd4 Qg3 37. Qc1 1-0

[Event "Joao Pessoa Fischer Memorial 7th"]
[Site "Joao Pessoa"]
[Date "2016.03.11"]
[Round "2"]
[White "De Oliveira, Jefferson Pereira"]
[Black "De Lima, Claudionor Henrique"]
[Result "0-1"]
[WhiteElo "1952"]
[BlackElo "1555"]
[PlyCount "82"]
[EventDate "2016.03.11"]
[EventType "swiss"]
[EventRounds "6"]
[EventCountry "BRA"]
[SourceTitle "CBM 171 Extra"]
[Source "ChessBase"]
[SourceDate "2016.04.26"]
[SourceVersion "1"]
[SourceVersionDate "2016.04.26"]
[SourceQuality "1"]

1. d4 e6 2. Nf3 d5 3. c4 c6 4. Nc3 Bb4 5. Bf4 Bxc3+ 6. bxc3 Nf6 7. e3 Nbd7 8. Qb3 0-0 9. Bd3 Ne4 10. Qc2 Ndf6 11. 0-0 h5 12. a4 a5 13. Rab1 Nd6 14. Ne5 Nfe4 15. c5 f6 16. Ng6 Nf5 17. Nxf8 Qxf8 18. Bxe4 dxe4 19. Qxe4 g5 20. Bd6 Nxd6 21. Qg6+ Qg7 22. Qxg7+ Kxg7 23. cxd6 Rb8 24. Rb6 Kf7 25. e4 Ke8 26. e5 f5 27. f4 g4 28. g3 Ra8 29. Kg2 Ra7 30. h3 Bd7 31. hxg4 hxg4 32. Rfb1 c5 33. Rxb7 Bc6+ 34. Kf2 Rxb7 35. Rc1 Rb2+ 36. Ke3 c4 37. d5 Bxd5 38. Kd4 Kd7 39. Kc5 Ra2 40. Kb6 Rb2+ 41. Kc5 Rg2 0-1

[Event "Joao Pessoa AXCV op 5th"]
[Site "Joao Pessoa"]
[Date "2015.07.25"]
[Round "2"]
[White "De Oliveira, Jefferson Pereira"]
[Black "Lemos, Doriedson"]
[Result "1/2-1/2"]
[WhiteElo "1953"]
[BlackElo "2097"]
[PlyCount "88"]
[EventDate "2015.07.24"]
[EventType "swiss"]
[EventRounds "5"]
[EventCountry "BRA"]
[SourceTitle "EXT 2016"]
[Source "ChessBase"]
[SourceDate "2015.10.08"]
[SourceVersion "1"]
[SourceVersionDate "2015.10.08"]
[SourceQuality "1"]

1. d4 Nf6 2. Nf3 e6 3. Bg5 c5 4. e3 d5 5. Nbd2 Nc6 6. c3 cxd4 7. exd4 Bd6 8. Bd3 a6 9. a4 0-0 10. 0-0 Re8 11. Re1 Ne7 12. Ne5 Ng6 13. Qf3 Be7 14. h4 Nxe5 15. dxe5 Nd7 16. Qg3 f5 17. Nf3 Nc5 18. Bc2 Ne4 19. Bxe4 dxe4 20. Nd4 Qc7 21. f4 Bc5 22. Rad1 Kh8 23. h5 Qf7 24. h6 g6 25. b4 Bxd4+ 26. cxd4 Bd7 27. d5 exd5 28. Qc3 Be6 29. Rxd5 Rac8 30. Rc5 Qd7 31. b5 Rxc5 32. Qxc5 Rc8 33. Qa7 axb5 34. axb5 Qxb5 35. Rd1 Qe2 36. Qd4 Kg8 37. Qd6 Qc4 38. Rd4 Qc6 39. Qe7 Bf7 40. Rd7 Rf8 41. Rxb7 e3 42. Qb4 Qc1+ 43. Kh2 Qd1 44. e6 Qh5+ 1/2-1/2

[Event "Joao Pessoa AXCV op 5th"]
[Site "Joao Pessoa"]
[Date "2015.07.24"]
[Round "1"]
[White "Born, Ary"]
[Black "De Oliveira, Jefferson Pereira"]
[Result "0-1"]
[WhiteElo "1469"]
[BlackElo "1953"]
[PlyCount "56"]
[EventDate "2015.07.24"]
[EventType "swiss"]
[EventRounds "5"]
[EventCountry "BRA"]
[SourceTitle "EXT 2016"]
[Source "ChessBase"]
[SourceDate "2015.10.08"]
[SourceVersion "1"]
[SourceVersionDate "2015.10.08"]
[SourceQuality "1"]

1. e4 c5 2. c3 d5 3. Nf3 dxe4 4. Qa4+ Bd7 5. Qxe4 Nf6 6. Qxb7 Nc6 7. Qb3 Rb8 8. Qc2 e5 9. Bc4 Be7 10. 0-0 0-0 11. a3 a5 12. Re1 Qc7 13. d3 h6 14. h4 Bf5 15. Qe2 Bg4 16. a4 Bd6 17. g3 e4 18. dxe4 Bxg3 19. Be3 Ne5 20. Nbd2 Rxb2 21. Kg2 Bxf3+ 22. Kxg3 Bxe2 23. Bxe2 Rxd2 24. Bxd2 Nxe4+ 25. Kg2 Nxd2 26. Rad1 Qc6+ 27. f3 Ndc4 28. Rf1 Ne3+ 0-1

[Event "Paraiban-ch op"]
[Site "Cabo Branco"]
[Date "2015.06.06"]
[Round "3"]
[White "De Oliveira, Jefferson Pereira"]
[Black "Torres, Douglas da Silva"]
[Result "0-1"]
[WhiteElo "1940"]
[BlackElo "2133"]
[PlyCount "96"]
[EventDate "2015.06.04"]
[EventType "swiss"]
[EventRounds "5"]
[EventCountry "BRA"]
[SourceTitle "CBM 167 Extra"]
[Source "ChessBase"]
[SourceDate "2015.09.14"]
[SourceVersion "1"]
[SourceVersionDate "2015.09.14"]
[SourceQuality "1"]

1. d4 g6 2. g3 Bg7 3. Bg2 d6 4. Nf3 Nd7 5. 0-0 e6 6. Nbd2 Ne7 7. e4 0-0 8. Qe2 c5 9. dxc5 Nxc5 10. Rd1 b6 11. Rb1 Ba6 12. c4 d5 13. b3 dxc4 14. bxc4 Na4 15. Rb3 Qc7 16. Re1 Nc6 17. Ba3 Nc5 18. Rbb1 Rfd8 19. e5 Bf8 20. Nf1 Rac8 21. h4 Nd3 22. Bxf8 Kxf8 23. Qe3 Kg7 24. Red1 Ndxe5 25. c5 Nxf3+ 26. Bxf3 Rxd1 27. Rxd1 bxc5 28. Qxc5 Ne5 29. Qd4 Qc3 30. Bg2 Qxd4 31. Rxd4 Rc1 32. Ra4 Be2 33. Re4 Nf3+ 34. Kh1 Bxf1 35. Bxf1 Nd2 36. Ra4 Nxf1 37. Kg2 Nd2 38. Rxa7 Ra1 39. Ra4 Nb1 40. Kf3 h5 41. Ke3 Nc3 42. Ra3 Nxa2 43. Kd2 Kf6 44. Ra4 Rd1+ 45. Kc2 Rf1 46. Rf4+ Ke7 47. Kb3 Nc1+ 48. Kc2 Ne2 0-1

[Event "Paraiban-ch op"]
[Site "Cabo Branco"]
[Date "2015.06.04"]
[Round "2"]
[White "Brito, Luismar Jorge"]
[Black "De Oliveira, Jefferson Pereira"]
[Result "1/2-1/2"]
[WhiteElo "2246"]
[BlackElo "1940"]
[PlyCount "96"]
[EventDate "2015.06.04"]
[EventType "swiss"]
[EventRounds "5"]
[EventCountry "BRA"]
[SourceTitle "CBM 167 Extra"]
[Source "ChessBase"]
[SourceDate "2015.09.14"]
[SourceVersion "1"]
[SourceVersionDate "2015.09.14"]
[SourceQuality "1"]

1. e4 c6 2. d4 d5 3. Nc3 dxe4 4. Nxe4 Bf5 5. Ng3 Bg6 6. Nf3 Nd7 7. h4 h6 8. h5 Bh7 9. Bd3 Bxd3 10. Qxd3 Ngf6 11. Bd2 e6 12. Ne4 Be7 13. 0-0-0 Qc7 14. g3 Nxe4 15. Qxe4 Nf6 16. Qe2 0-0-0 17. Kb1 Rhe8 18. c4 c5 19. Bc3 Bd6 20. dxc5 Bxc5 21. Ne5 Rxd1+ 22. Rxd1 Rd8 23. Rxd8+ Kxd8 24. f4 Ne8 25. a3 a6 26. g4 f6 27. Nd3 Bd6 28. Qxe6 Bxf4 29. Nxf4 Qxf4 30. Ba5+ Nc7 31. Qg8+ Kd7 32. Qxg7+ Kc8 33. Qg8+ Kd7 34. Qh7+ Kc8 35. Qg8+ Kd7 36. Ka2 Ne6 37. Qf7+ Kd6 38. Bb4+ Ke5 39. Bc3+ Kd6 40. c5+ Nxc5 41. Bxf6 Qxg4 42. Be7+ Kc6 43. Qg6+ Qe6+ 44. b3 Kd5 45. Bxc5 Qe2+ 46. Kb1 Qd1+ 47. Kb2 Qd2+ 48. Kb1 Qd1+ 1/2-1/2